Pure Plastic : New Materials for Today´s Architecture
Saved in:
| Format: | Book |
|---|---|
| Language: | English |
| Published: |
Berlin :
Braun,
2008
|
| Subjects: | |
| Tags: |
No Tags, Be the first to tag this record!
|
MARC
| LEADER | 00000nam a22000003a 4500 | ||
|---|---|---|---|
| 001 | stu175562 | ||
| 005 | 20170706140043.2 | ||
| 008 | 081107s2008------------------------eng-d | ||
| 020 | |a 978-3-938780-51-0 | ||
| 040 | |a STU |b slo | ||
| 041 | 0 | |a eng | |
| 245 | |a Pure Plastic : |b New Materials for Today´s Architecture | ||
| 260 | |a Berlin : |b Braun, |c 2008 | ||
| 300 | |a 256 s | ||
| 650 | 7 | |a plasty |2 stusub | |
| 650 | 0 | 7 | |a plastics |
| 996 | |b 284AU04102 |c A*6147/U |l AAKNST |s P |a 0 |w stu175562_0001 | ||